| 000 | 01501cam a2200337 4500 | ||
|---|---|---|---|
| 008 | 020722n2001 000 0 eng u | ||
| 020 | _a1860815014 | ||
| 035 | _a(Sirsi) u118943 | ||
| 041 | _aeng | ||
| 050 |
_a658.99 _c18 |
||
| 100 | _aJaunzens, D. | ||
| 245 | _aApplying facilities expertise in building design | ||
| 260 |
_aLondon _bConstruction Research Communications _c2001 |
||
| 300 |
_aiv, 44p. _c30cm. |
||
| 350 | _a35 | ||
| 520 | _aAimed at both facilities managers and building designers, this guide explains how facilities expertise can be more fully integrated into the building design process. Considers why facilities managers are often excluded from the design process, identifies when they should become involved, and provides a personal development plan for the facilities manager. Also looks at recent developments in the procurement process and identifies members of the project team and specific technical issues. References. | ||
| 650 | _aBUILT ENVIRONMENT-CONSTRUCTION DESIGN | ||
| 650 |
_aFACILITIES MANAGEMENT _96240 |
||
| 650 | _aFACILITIES MANAGERS | ||
| 650 | _aDESIGN PROCESS | ||
| 650 | _aDESIGN TEAM | ||
| 650 | _aCONSTRUCTION PROJECTS | ||
| 690 |
_aProject management _96261 |
||
| 700 | _aWarriner, D. | ||
| 700 | _aGarner, U. | ||
| 700 | _aWaterman, A. | ||
| 710 | _aBuilding Research Establishment | ||
| 710 |
_aUnited Kingdom _bDepartment of Trade and Industry |
||
| 710 |
_aBritish Institute of Facilities Management _9378 |
||
| 942 | _n0 | ||
| 999 |
_c102207 _d102207 |
||